00461nam a2200193Ia 4500003000400000005001700004008004000021020001800061040000700079041000800086082001500094100001800109245003500127260004400162300001300206650001200219650001400231700002200245OSt20250816092713.0210210b2012 xxu||||| |||| 00| 0 eng d a9788120346130 cAL aeng a547.3 RATE aRatnani Sonia aExperimental organic chemistry aNew DelhibPHI Learning Pvt. Ltd.c2012 axi, 375p aorganic achemistry aGurjar, Shriniwas